02583nam a2200421 a 450000100060000000300090000600800410001502000180005604000280007404100080010209000110011010000290012124502180015025000110036826000350037930000220041449000530043650000980048965000300058765000280061765000210064565000470066665000310071370000350074470000490077994200120082899900150084095201300085595201470098595201450113295201270127795201380140495201250154295201270166795201270179495201180192195201220203924398CO-ViMGA141112s2004 ck r 000 u spa d a9789587583090 aCO-ViMGAbspacCO-ViMGA aSPA aC HOL31 aHolzwarth, Werner93593010aEl pequeño topo que quería saber quién se había hecho aquello en su cabeza / cWerner Holzwarth ; ilustrado por Wolf Erlbruch ; traducción de Miguel Azaola ; adaptación de la traducción Yolanda Reyes a1a ed. aBogotá : bAlfaguara, c2011 a30 p. : il. : il. aNidos para la lectura : yo no leo alguien me lee aTítulo original : Vom kleinen maulwurf, der wissen wollte, wer ihm auf den kopf gemacht hat14aANIMALES - CUENTO 93593114aAUTORES ALEMANES 9266514aCUENTOS ALEMANES14aLEER ES MI CUENTO - COLECCION 2011 93593214aLITERATURA INFANTIL 927461 aErlbruch, Wolf, 1848 - 9359331 aReyes, Yolanda, 1959 - Azaola, Miguel935934 2ddccBK c2295d2295 00102ddc40708INFaMEGUAMALbMEGUAMALcSInfd2023-02-13l0oC HOLpGUA001098r2023-02-13 00:00:00tEj.1w2023-02-13yBKINF 00102ddc40708008aMEVIECARbMEVIECARd2015-12-04h27/jun/2012l4m1oC HOL3p25155r2019-05-21 00:00:00s2019-05-09tEj. 1w2015-12-04yBK 00102ddc40708008aMEVIECARbMEVIECARd2015-12-04h27/jun/2012l4oC HOL3p025155r2019-05-22 00:00:00s2019-05-22tEj. 1w2015-12-04yBK 00102ddc40708INFaMEDORADObMEDORADOcSInfd2023-10-27l0oC HOL3pDOR03127r2023-10-27 13:53:46tEj.1w2023-10-27yBK 001040708InfPoTiaMEVIGERRbMEVIGERRcSInfd2012-06-07oC HOL3pECA21137r2024-11-26 09:37:24tEj.1w2024-11-26yBKz15600 | 20330 00102ddc40708INFaMEMESETAbMEMESETAcSInfd2025-07-31l0oC HOLpME01664r2025-03-31 15:37:32tEj.1w2025-03-31yBK 00102ddc4070aMEFTEORObMEFTEOROcSInfd2025-04-11l0oC HOL3pFo00002338r2025-04-11 15:00:37tEj.1w2025-04-11yBKINF 00102ddc40708INFaMESJUANIbMESJUANIcSInfd2025-05-06l0oC HOL3pSJU01465r2025-05-06 14:53:17tEj.1w2025-05-06yBK 00102ddc40708INFaMESMARTIbMESMARTIcSInfd2026-02-03l0pSM02512r2026-02-03 19:04:43tEj.1w2026-02-03yBK 00102ddc4070aMESARAMAbMESARAMAcSInfd2026-03-06l0oC HOL3pSJA01410r2026-03-06 13:02:49tEj.1w2026-03-06yBK